Truyền số liệu và mạng thông tin số

Trình bày những kiến thức cơ bản về môn truyền số liệu, kỹ thuật truyền dẫn số, kỹ thuật thông tin dữ liệu, mạng thông tin dữ liệu, mạng cục bộ, cấu trúc thông tin máy tính

Αποθηκεύτηκε σε:
Λεπτομέρειες βιβλιογραφικής εγγραφής
Κύριος συγγραφέας: Trần, Văn Sư
Μορφή: Βιβλίο
Γλώσσα:Undetermined
Έκδοση: Thành phố Hồ Chí Minh Đại học Quốc gia Thành phố Hồ Chí Minh 2005
Θέματα:
Ετικέτες: Προσθήκη ετικέτας
Δεν υπάρχουν, Καταχωρήστε ετικέτα πρώτοι!
Thư viện lưu trữ: Trung tâm Học liệu Trường Đại học Cần Thơ
LEADER 00922nam a2200205Ia 4500
001 CTU_101327
008 210402s9999 xx 000 0 und d
020 |c 39000 
082 |a 004.6 
082 |b S550 
100 |a Trần, Văn Sư 
245 0 |a Truyền số liệu và mạng thông tin số 
245 0 |c Trần Văn Sư 
260 |a Thành phố Hồ Chí Minh 
260 |b Đại học Quốc gia Thành phố Hồ Chí Minh 
260 |c 2005 
520 |a Trình bày những kiến thức cơ bản về môn truyền số liệu, kỹ thuật truyền dẫn số, kỹ thuật thông tin dữ liệu, mạng thông tin dữ liệu, mạng cục bộ, cấu trúc thông tin máy tính 
650 |a Digital communication,Data transmission systems 
904 |i Minh 
980 |a Trung tâm Học liệu Trường Đại học Cần Thơ